| 000 | 00466nam a2200169Ia 4500 | ||
|---|---|---|---|
| 003 | IN-BaIIA | ||
| 008 | 211028s9999 xx 000 0 eng d | ||
| 040 | _cIIA Library | ||
| 080 |
_a658.31 _bSWA |
||
| 100 |
_aSwamynathan, M _98365 |
||
| 245 | 0 |
_aPosts telegraphs overtime allowance rules _cM. Swamynathan |
|
| 260 |
_aMadras _bSwamy Publishers _c1973 |
||
| 300 | _a60p. | ||
| 650 |
_aCentral Government Rules _97081 |
||
| 650 |
_aOthers Thesaurus _9637 |
||
| 942 | _cBK | ||
| 999 |
_c4715 _d4715 |
||